| 000 | 01838nam a2200409 c 4500 | ||
|---|---|---|---|
| 003 | BLK | ||
| 005 | 20250429151655.0 | ||
| 008 | 180413b bul|||||r ||||||| ||bul|| | ||
| 010 | _aKNG00024960000 | ||
| 020 |
_a978-954-308-253-7 _bиздат.: Прес |
||
| 040 | _aBLK | ||
| 041 |
_aBUL _cBUL |
||
| 072 | 7 |
_2bullib _aН85 _xДетска художествена литература Н |
|
| 080 |
_aАнглийска литература _b821.111 _x-93-32 _z821.111-93-32 |
||
| 700 |
_aЕймъри, Хедър _9264569 |
||
| 700 | 1 |
_aКартрайт, Стивън _977303 |
|
| 100 | 1 |
_aAmery, Heather _eпърви автор _9264570 |
|
| 700 | 1 |
_aCartwright, Stephen _eсъавт. _9264571 |
|
| 700 |
_aБанева, Евелина Борисова _d1954- _eпрев. от англ. _9368071 |
||
| 139 |
_aЕймъри, Хедър и др. _bЕ 39 |
||
| 245 | 1 | 0 |
_aПрасенцето се заклещва _c Хедър Еймъри; Стивън Картрайт; Heather Amery; съавт. Stephen Cartwright; прев. от англ. Евелина Борисова Банева. |
| 257 | _aGBR | ||
| 260 |
_аСофия _bПрес _c2009 _fСофия : Лито Балкан |
||
| 300 |
_a16 с. _bс цв. ил, 2 л. : стикери _c27 см |
||
| 380 | _aDX | ||
| 490 | 1 | _aПоредица Приказки от фермата | |
| 500 | _aАвт. отбелязани в библиогр. каре. - Ориг. загл. : Pig Gets Stuck / Heather Amery, Stephen Cartwright. | ||
| 653 | _aлитература за деца | ||
| 653 | _aдетска литература | ||
| 659 | _aН | ||
| 852 | _aЦб ІІ 16597 | ||
| 856 | 4 |
_qpdf _u |
|
| 856 | 4 |
_qpdf _u |
|
| 942 |
_cKNG _n0 _08 |
||
| 944 |
_aCR _c11.03.2011 _lБояна Костадинова _k30551 |
||
| 944 |
_aED _c06.03.2012 _lф / _k |
||
| 999 |
_c22569 _d22569 |
||